Vztah lékaře a pacienta z pohledu soukromého práva /
| Hlavní autor: | Doležal, Tomáš, 1976- |
|---|---|
| Jazyk: | Němčina Latina Čeština Angličtina |
| Vydáno: |
Praha : Leges, 2012 |
| Vydání: | Vyd. 1. |
| Edice: |
Praktik (Leges)
|
| Témata: | |
| Fyzický popis: |
160 s. : il., mapy, faksim. ; 21 cm |
| Language note: |
Část. anglický, latinský a německý text |
|
| LEADER | 01878cam a2200517 a 4500 | ||
|---|---|---|---|
| 001 | nkc20122427390 | ||
| 003 | CZ PrNK | ||
| 005 | 20211213142531.0 | ||
| 007 | ta | ||
| 008 | 121115s2012 xr abh f 000 0 cze d | ||
| 015 | |a cnb002427390 | ||
| 020 | |a 978-80-87576-24-3 |q (brož.) |z 978-80-87576-25-0 | ||
| 035 | |a (OCoLC)827261172 | ||
| 040 | |a KLG001 |b cze |d ABA001 | ||
| 041 | 0 | |a cze |a eng |a ger |a lat | |
| 043 | |a e-xr--- | ||
| 072 | 7 | |a 347 |x Soukromé právo |2 Konspekt |9 16 | |
| 080 | |a 614.253 |2 MRF | ||
| 080 | |a 34 |2 MRF | ||
| 080 | |a 347 |2 MRF | ||
| 080 | |a (437.3) |2 MRF | ||
| 080 | |a (048.8) |2 MRF | ||
| 100 | 1 | |a Doležal, Tomáš, |d 1976- |7 xx0070154 |4 aut | |
| 245 | 1 | 0 | |a Vztah lékaře a pacienta z pohledu soukromého práva / |c Tomáš Doležal |
| 246 | 1 | 8 | |a Vztah lékaře a pacienta |
| 250 | |a Vyd. 1. | ||
| 260 | |a Praha : |b Leges, |c 2012 | ||
| 300 | |a 160 s. : |b il., mapy, faksim. ; |c 21 cm | ||
| 490 | 1 | |a Praktik | |
| 500 | |a Na obálce uvedena edice Teoretik | ||
| 504 | |a Obsahuje bibliografii a bibliografické odkazy | ||
| 546 | |a Část. anglický, latinský a německý text | ||
| 650 | 0 | 7 | |a lékař a pacient |7 ph122494 |x právní aspekty |2 czenas |
| 650 | 0 | 7 | |a soukromé právo |7 ph116221 |z Česko |2 czenas |
| 650 | 0 | 9 | |a physician and patient |x legal aspects |2 eczenas |
| 650 | 0 | 9 | |a private law |z Czechia |2 eczenas |
| 655 | 7 | |a monografie |7 fd132842 |2 czenas | |
| 655 | 9 | |a monographs |2 eczenas | |
| 830 | 0 | |a Praktik (Leges) |0 s | |
| 910 | 2 | |a BOA001 |b 2-1296.243 | |
| 990 | |a BK | ||
| 995 | |a 01 | ||
| 991 | |b 201301 |c NOV |e n | ||
| 996 | 6 | |b 2610532125 |c 2-1296.243 |l MZK |r Sklad / do 1 hodiny |n 2 |p p.v. |w 001303977 |u 000010 |a 1 |e BOA001 |j MZK50 |s P | |
| 996 | 6 | |b 2610532602 |c 2-1296.243 |l MZK |r HSS 4p |n 0 |p kup |h 347 DOL |w 001303977 |u 000020 |a 0 |e BOA001 |j MZK50 |s P | |
| 996 | 7 | |b 2610532603 |c 2-1296.243 |l MZK |r Sklad / do 1 hodiny |n 15 |p kup |w 001303977 |u 000030 |a 1 |e BOA001 |j MZK50 |s A | |
English
Čeština 